[Event "GRE-ch North U08/14"]
[Site "Thessaloniki"]
[Date "2020.09.01"]
[Round "9"]
[White "Tsekeridis, Nikiforos"]
[Black "Moustakas, Athanasios"]
[Result "0-1"]
[WhiteElo "1491"]
[BlackElo "1167"]
[PlyCount "82"]
[EventDate "2020.08.26"]
[EventType "swiss"]
[EventRounds "9"]
[EventCountry "GRE"]
[SourceTitle "EXT 2023"]
[Source "ChessBase"]
[SourceDate "2022.10.05"]
[SourceVersion "1"]
[SourceVersionDate "2022.10.05"]
[SourceQuality "1"]

1. d4 d5 2. c4 e6 3. Nc3 Nf6 4. cxd5 exd5 5. Bg5 c6 6. e3 Nbd7 7. Bd3 Be7 8. Nf3 Nh5 9. Bxe7 Qxe7 10. 0-0 0-0 11. Qc2 h6 12. a3 a5 13. Rac1 b5 14. Ne2 Bb7 15. Bf5 Nb6 16. Ne5 Nc4 17. Nxc6 Bxc6 18. b3 Nxe3 19. fxe3 Qd6 20. Qxc6 Qe7 21. Qc3 Rfe8 22. Rf3 g6 23. Bg4 Nf6 24. Bh3 Ne4 25. Qb2 Ng5 26. Rg3 Ne4 27. Rf3 Ng5 28. Rg3 Ne4 29. Rf3 Ng5 30. Rf2 Qxe3 31. Ng3 f5 32. Qc3 f4 33. Nf1 Qxf2+ 34. Kxf2 Ne4+ 35. Kg1 Nxc3 36. Rxc3 Re4 37. Be6+ Rxe6 38. Rc5 Rb8 39. Rxd5 Ree8 40. Rd6 Kf7 41. Nd2 Rbd8 0-1

[Event "GRE-ch North U08/14"]
[Site "Thessaloniki"]
[Date "2020.08.26"]
[Round "1"]
[White "Tsekeridis, Nikiforos"]
[Black "Tsouchnikas, Georgios"]
[Result "1-0"]
[WhiteElo "1491"]
[BlackElo "1437"]
[PlyCount "75"]
[EventDate "2020.08.26"]
[EventType "swiss"]
[EventRounds "9"]
[EventCountry "GRE"]
[SourceTitle "EXT 2023"]
[Source "ChessBase"]
[SourceDate "2022.10.05"]
[SourceVersion "1"]
[SourceVersionDate "2022.10.05"]
[SourceQuality "1"]

1. e4 g6 2. d4 Bg7 3. Nf3 d6 4. Be3 b6 5. c3 Bb7 6. Nbd2 Nd7 7. Be2 Ngf6 8. Qc2 0-0 9. 0-0-0 Rc8 10. h4 Ng4 11. Bc4 h5 12. Ng5 c5 13. Qb3 cxd4 14. cxd4 d5 15. exd5 Bxd5 16. Kb1 Ndf6 17. Rhe1 Bxc4 18. Nxc4 Nd5 19. Rc1 Qd7 20. Na3 Rxc1+ 21. Rxc1 a5 22. Nc4 Rc8 23. Rc2 Qf5 24. a3 b5 25. Nxa5 Ngxe3 26. fxe3 Nxe3 27. Qxe3 Qxc2+ 28. Ka2 Qxg2 29. Qxe7 Qf2 30. Qd7 Rc2 31. Qe8+ Bf8 32. Qxb5 Qxd4 33. Nxf7 Qe3 34. Nc4 Qe2 35. Nfe5 Bg7 36. Qe8+ Bf8 37. Qf7+ Kh8 38. Nxg6# 1-0